Web of evil (Record no. 386858)
[ view plain ]
| 000 -LEADER | |
|---|---|
| fixed length control field | 00269nam a2200097Ia 4500 |
| 082 ## - DEWEY DECIMAL CLASSIFICATION NUMBER | |
| Classification number | LP EF JANC |
| 008 - FIXED-LENGTH DATA ELEMENTS--GENERAL INFORMATION | |
| fixed length control field | 210817s9999 xx 000 0 und d |
| 100 ## - MAIN ENTRY--PERSONAL NAME | |
| Personal name | JANCE, Judith A. Leicester, 2009 Large print ed |
| 9 (RLIN) | 80653 |
| 245 #0 - TITLE STATEMENT | |
| Title | Web of evil |
| 942 ## - ADDED ENTRY ELEMENTS | |
| item type | Books |
No items available.